[Event "Asian Nations Chess Cup"]
[Site "ZaoZhuang, China"]
[Date "2012.05.17"]
[Round "1"]
[White "Wang, Hao"]
[Black "Abdulwahhab, Ahmed Abdulsattar A"]
[Result "1-0"]
[WhiteElo "2738"]
[BlackElo "2321"]
[PlyCount "77"]
[EventDate "2012.05.17"]
[EventType "team"]
[EventRounds "9"]
[EventCountry "CHN"]
[WhiteTeam "China 1"]
[BlackTeam "Iraq"]

1. d4 d5 2. c4 c6 3. Nf3 Nf6 4. e3 a6 5. Nc3 b5 6. b3 Bg4 7. Be2 e6 8. O-O Nbd7
9. Bb2 Qb8 10. c5 Be7 11. b4 O-O 12. Ne5 Nxe5 13. dxe5 Bxe2 14. Nxe2 Ng4 15.
Qd4 f5 16. Nf4 Qc8 17. a4 Qd7 18. Ra2 Bg5 19. Ne2 Qb7 20. Qd2 Rfb8 21. h3 Nh6
22. Nd4 Qc8 23. Rfa1 bxa4 24. Rxa4 Nf7 25. Nb3 Bd8 26. Bc3 Bc7 27. f4 Ra7 28.
Nd4 Nd8 29. g4 fxg4 30. hxg4 Rba8 31. Qd3 Bb8 32. Kg2 g6 33. Be1 a5 34. b5 cxb5
35. Qxb5 Nf7 36. c6 Bc7 37. Qc5 Qf8 38. Qxf8+ Rxf8 39. Nb5 1-0

[Event "Asian Nations Chess Cup"]
[Site "ZaoZhuang, China"]
[Date "2012.05.17"]
[Round "1"]
[White "Ahmed, Hatem Ebrahim"]
[Black "Sasikiran, Krishnan"]
[Result "0-1"]
[WhiteElo "2278"]
[BlackElo "2720"]
[PlyCount "63"]
[EventDate "2012.05.17"]
[EventType "team"]
[EventRounds "9"]
[EventCountry "CHN"]
[WhiteTeam "Yemen"]
[BlackTeam "India"]

1. d4 Nf6 2. c4 g6 3. f3 d5 4. cxd5 Nxd5 5. e4 Nb6 6. Be3 Bg7 7. Nc3 O-O 8. h4
Nc6 9. d5 Ne5 10. Qb3 c6 11. Rd1 cxd5 12. h5 e6 13. hxg6 hxg6 14. Bxb6 axb6 15.
exd5 exd5 16. Nxd5 Be6 17. f4 Ra5 18. fxe5 Rxd5 19. Rxd5 Bxd5 20. Bc4 Bxc4 21.
Qxc4 Qg5 22. Nf3 Qxg2 23. Rf1 Bxe5 24. Nxe5 Qg3+ 25. Kd1 Qxe5 26. Rf3 Qxb2 27.
Qd5 Kg7 28. Rf4 b5 29. Rf3 Qb1+ 30. Kd2 Qb4+ 31. Kd1 Qc4 32. Qxb7 0-1

[Event "Asian Nations Chess Cup"]
[Site "ZaoZhuang, China"]
[Date "2012.05.17"]
[Round "1"]
[White "Le, Quang Liem"]
[Black "Camacho Collados, Jose"]
[Result "1-0"]
[WhiteElo "2703"]
[BlackElo "2353"]
[PlyCount "67"]
[EventDate "2012.05.17"]
[EventType "team"]
[EventRounds "9"]
[EventCountry "CHN"]
[WhiteTeam "Vietnam"]
[BlackTeam "Korea"]

1. d4 Nf6 2. c4 g6 3. Nc3 d5 4. cxd5 Nxd5 5. e4 Nxc3 6. bxc3 Bg7 7. Ba3 O-O 8.
Nf3 b6 9. Bc4 Nc6 10. O-O Na5 11. Bd3 c5 12. Rc1 Qc7 13. d5 c4 14. Be2 Rd8 15.
Nd4 e6 16. dxe6 fxe6 17. Nb5 Qd7 18. Bg4 Qe8 19. Nd6 Qc6 20. e5 Rb8 21. Qe2 Nb7
22. Rfd1 b5 23. Rb1 a6 24. Bf3 Qb6 25. h4 Nc5 26. Nxc4 Rxd1+ 27. Qxd1 Qc7 28.
Qd4 bxc4 29. Rxb8 Qxb8 30. Qd8+ Kf7 31. Bxc5 Qb1+ 32. Kh2 Bxe5+ 33. g3 g5 34.
Qf8+ 1-0

[Event "Asian Nations Chess Cup"]
[Site "ZaoZhuang, China"]
[Date "2012.05.18"]
[Round "2"]
[White "Jumabayev, Rinat"]
[Black "Wang, Hao"]
[Result "0-1"]
[WhiteElo "2556"]
[BlackElo "2738"]
[PlyCount "130"]
[EventDate "2012.05.17"]
[EventType "team"]
[EventRounds "9"]
[EventCountry "CHN"]
[WhiteTeam "Kazakhstan"]
[BlackTeam "China 1"]

1. d4 f5 2. g3 Nf6 3. Bg2 g6 4. Nf3 Bg7 5. b3 d6 6. Bb2 c6 7. O-O O-O 8. c4 a5
9. Nc3 Ne4 10. Qc2 Nxc3 11. Bxc3 Qc7 12. e4 f4 13. d5 Bxc3 14. Qxc3 Bg4 15. Nd4
Na6 16. gxf4 Rxf4 17. Qg3 Raf8 18. Nf5 R4xf5 19. exf5 Bxf5 20. a3 cxd5 21. cxd5
Qc2 22. Rfe1 Qb2 23. Rad1 Rf7 24. Re3 Nc5 25. h3 Bc2 26. Rf1 Nxb3 27. Qg5 Qf6
28. Qxf6 exf6 29. Rc3 Nd4 30. Re1 b5 31. Re6 Bf5 32. Re8+ Kg7 33. Bf1 b4 34.
axb4 axb4 35. Rce3 b3 36. Rb8 Bc2 37. Kg2 Rc7 38. Rb4 Nf5 39. Re6 Rc3 40. Bb5
g5 41. Be8 Rc7 42. Bc6 Ra7 43. f4 gxf4 44. Kf3 Ra1 45. Bb5 Rh1 46. Kg2 Rd1 47.
Ba4 Rd2+ 48. Kf3 Kg6 49. h4 Nd4+ 50. Kxf4 Nxe6+ 51. dxe6 Re2 52. Be8+ Kh6 53.
Bf7 f5 54. Rb7 Re4+ 55. Kg3 Kg7 56. h5 h6 57. Kf2 Kf6 58. Bg8 d5 59. Rb6 d4 60.
e7+ Kxe7 61. Bxb3 Bxb3 62. Rxb3 Kf6 63. Rb5 Kg5 64. Rd5 Kg4 65. Kg2 Rf4 0-1

[Event "Asian Nations Chess Cup"]
[Site "ZaoZhuang, China"]
[Date "2012.05.18"]
[Round "2"]
[White "Sasikiran, Krishnan"]
[Black "Zhang, Zhong"]
[Result "1/2-1/2"]
[WhiteElo "2720"]
[BlackElo "2593"]
[PlyCount "61"]
[EventDate "2012.05.17"]
[EventType "team"]
[EventRounds "9"]
[EventCountry "CHN"]
[WhiteTeam "India"]
[BlackTeam "Singapore"]

1. d4 Nf6 2. c4 e6 3. g3 Bb4+ 4. Bd2 a5 5. Bg2 d5 6. Nf3 dxc4 7. Qc2 Nc6 8.
Qxc4 Qd5 9. Qd3 Qe4 10. Qxe4 Nxe4 11. a3 Nxd2 12. Nbxd2 Be7 13. Rc1 O-O 14. O-O
a4 15. e3 Bd7 16. Rc3 Rfb8 17. Rfc1 Bd8 18. Ne4 Be8 19. Nc5 Ra7 20. h4 h6 21.
Nd2 Na5 22. Nd3 Ra6 23. Kh2 Ra7 24. Nb4 Kf8 25. Rc5 c6 26. R5c3 Be7 27. Nd3 b6
28. R1c2 Rc7 29. Be4 Rbc8 30. Kg2 c5 31. dxc5 1/2-1/2

[Event "Asian Nations Chess Cup"]
[Site "ZaoZhuang, China"]
[Date "2012.05.18"]
[Round "2"]
[White "Ghaem Maghami, Ehsan"]
[Black "Le, Quang Liem"]
[Result "0-1"]
[WhiteElo "2578"]
[BlackElo "2703"]
[PlyCount "74"]
[EventDate "2012.05.17"]
[EventType "team"]
[EventRounds "9"]
[EventCountry "CHN"]
[WhiteTeam "Iran"]
[BlackTeam "Vietnam"]

1. e4 c5 2. Nf3 d6 3. d4 cxd4 4. Nxd4 Nf6 5. Nc3 a6 6. Be3 e6 7. f3 b5 8. Qd2
Nbd7 9. g4 h6 10. O-O-O b4 11. Na4 Ne5 12. Qxb4 Bd7 13. Nc3 Qc7 14. Qb3 Be7 15.
h4 O-O 16. a3 Rfb8 17. Qa2 Rb7 18. Rd2 Rab8 19. Nd1 Bb5 20. Nxb5 axb5 21. Be2
b4 22. axb4 Rxb4 23. g5 Nfd7 24. f4 Qc6 25. fxe5 Ra4 26. Qb1 Qa8 27. exd6 Bd8
28. c3 Ra1 29. Bd3 Ne5 30. Nf2 Qa2 31. Kc2 Rxb2+ 32. Qxb2 Qa4+ 33. Qb3 Ra2+ 34.
Kc1 Qxb3 35. Rxa2 Qxa2 36. Rd1 Ba5 37. Bd4 Nc6 0-1

[Event "Asian Nations Chess Cup"]
[Site "ZaoZhuang, China"]
[Date "2012.05.19"]
[Round "3"]
[White "Wang, Hao"]
[Black "Sasikiran, Krishnan"]
[Result "1-0"]
[WhiteElo "2738"]
[BlackElo "2720"]
[PlyCount "69"]
[EventDate "2012.05.17"]
[EventType "team"]
[EventRounds "9"]
[EventCountry "CHN"]
[WhiteTeam "China 1"]
[BlackTeam "India"]

1. e4 e5 2. Nf3 Nc6 3. d4 exd4 4. Nxd4 Nf6 5. Nxc6 bxc6 6. e5 Qe7 7. Qe2 Nd5 8.
c4 Nb6 9. Nc3 Bb7 10. Bd2 O-O-O 11. O-O-O Kb8 12. f4 f6 13. exf6 Qf7 14. fxg7
Bxg7 15. c5 Nd5 16. Qc4 Qf6 17. g4 Rhe8 18. g5 Qf8 19. Bd3 d6 20. cxd6 Nb6 21.
Qc5 Rxd6 22. Qf5 c5 23. Rhe1 Red8 24. Qxf8 Bxf8 25. Be4 Nc4 26. Bxb7 Kxb7 27.
Ne4 Rd3 28. Bc3 Kc6 29. h4 R8d5 30. Nf6 Rxd1+ 31. Rxd1 Rf5 32. Nxh7 Bd6 33. Kb1
Rxf4 34. g6 Rxh4 35. Rg1 1-0

[Event "Asian Nations Chess Cup"]
[Site "ZaoZhuang, China"]
[Date "2012.05.19"]
[Round "3"]
[White "Le, Quang Liem"]
[Black "Zhou, Weiqi"]
[Result "1/2-1/2"]
[WhiteElo "2703"]
[BlackElo "2624"]
[PlyCount "93"]
[EventDate "2012.05.17"]
[EventType "team"]
[EventRounds "9"]
[EventCountry "CHN"]
[WhiteTeam "Vietnam"]
[BlackTeam "China 2"]

1. Nf3 Nf6 2. c4 e6 3. Nc3 d5 4. d4 c5 5. e3 Nc6 6. a3 a6 7. dxc5 Bxc5 8. b4
Ba7 9. Bb2 O-O 10. Qc2 d4 11. exd4 Nxd4 12. Nxd4 Bxd4 13. Be2 e5 14. O-O Be6
15. Na4 Qc7 16. Bxd4 exd4 17. h3 Rad8 18. Nc5 Bc8 19. Rad1 Rfe8 20. Rfe1 g6 21.
Qb2 Ne4 22. Nb3 Bxh3 23. Rxd4 Bf5 24. Red1 Rxd4 25. Qxd4 Ng3 26. fxg3 Rxe2 27.
Qd8+ Qxd8 28. Rxd8+ Kg7 29. Nd4 Re3 30. Nxf5+ gxf5 31. a4 Rb3 32. b5 Rb4 33.
Rb8 Rxc4 34. Rxb7 Rxa4 35. bxa6 Rxa6 36. Kf2 h5 37. Rc7 Ra4 38. Kf3 h4 39. gxh4
Rxh4 40. g3 Re4 41. Ra7 Kg6 42. Ra8 Rb4 43. Rg8+ Kf6 44. Ra8 Rb3+ 45. Kf4 Rb4+
46. Kf3 Rb3+ 47. Kf4 1/2-1/2

[Event "Hungarian League 2011/2012"]
[Site "Szombathely"]
[Date "2012.05.06"]
[Round "10"]
[White "Naiditsch, Arkadij"]
[Black "Prohaszka, Peter"]
[Result "0-1"]
[WhiteElo "2707"]
[BlackElo "2553"]
[PlyCount "62"]
[EventDate "2011.09.25"]
[EventRounds "11"]
[EventCountry "HUN"]
[Source "MOST"]
[SourceDate "2012.05.06"]
[WhiteTeam "Aquaprofit"]
[BlackTeam "Haladás"]
[WhiteTeamCountry "HUN"]
[BlackTeamCountry "HUN"]

1. e4 e5 2. Nf3 Nc6 3. Bb5 Nf6 4. d3 Bc5 5. Bxc6 dxc6 6. Nbd2 O-O 7. O-O Nd7 8.
Nc4 Re8 9. Bd2 Bd6 10. Bc3 c5 11. Qd2 b5 12. Nxd6 cxd6 13. b4 Bb7 14. a4 a5 15.
bxa5 b4 16. Bb2 Rxa5 17. c3 Bc6 18. cxb4 cxb4 19. Qxb4 Nc5 20. Qc4 Qa8 21. Ng5
d5 22. Qc3 h6 23. Nf3 Nxd3 24. exd5 Rxd5 25. Ra3 Rd6 26. Nh4 Nf4 27. Qc5 Bxg2
28. Re3 Rd5 29. Qc4 Rc8 30. Qb3 Bxf1 31. Bxe5 Rc1 0-1

[Event "Hungarian League 2011/2012"]
[Site "Kecskemét"]
[Date "2012.05.06"]
[Round "10"]
[White "Berkes, Ferenc"]
[Black "Tesik, Csaba"]
[Result "1-0"]
[WhiteElo "2706"]
[BlackElo "2340"]
[PlyCount "49"]
[EventDate "2011.09.25"]
[EventRounds "11"]
[EventCountry "HUN"]
[Source "MOST"]
[SourceDate "2012.05.06"]
[WhiteTeam "Paks"]
[BlackTeam "TLSE"]
[WhiteTeamCountry "HUN"]
[BlackTeamCountry "HUN"]

1. c4 Nf6 2. Nc3 c5 3. g3 d5 4. cxd5 Nxd5 5. Bg2 Nc7 6. e3 e5 7. Nge2 Nc6 8.
O-O Be7 9. f4 exf4 10. Nxf4 O-O 11. b3 Bf6 12. Ba3 Na6 13. Rc1 Bd7 14. Ne4 b6
15. d4 Nab4 16. Nxf6+ Qxf6 17. dxc5 Rad8 18. Nd5 Qe5 19. Nxb4 Nxb4 20. Qd4 Qxd4
21. exd4 Bb5 22. Bxb4 Bxf1 23. Kxf1 Rxd4 24. cxb6 Rxb4 25. bxa7 1-0

[Event "Hungarian League 2011/2012"]
[Site "Paks"]
[Date "2012.01.29"]
[Round "5"]
[White "Naiditsch, Arkadij"]
[Black "Predojevic, Borki"]
[Result "1/2-1/2"]
[WhiteElo "2707"]
[BlackElo "2643"]
[PlyCount "76"]
[EventDate "2011.09.25"]
[EventRounds "11"]
[EventCountry "HUN"]
[Source "MOST"]
[SourceDate "2012.01.29"]
[WhiteTeam "Aquaprofit"]
[BlackTeam "Paks"]
[WhiteTeamCountry "HUN"]
[BlackTeamCountry "HUN"]

1. e4 c6 2. d4 d5 3. e5 Bf5 4. Ne2 e6 5. Ng3 Bg6 6. h4 h6 7. h5 Bh7 8. Bd3 Bxd3
9. cxd3 Qb6 10. Ne2 Ne7 11. Nd2 Nd7 12. Rh3 a5 13. g4 Qa6 14. Nf3 a4 15. Kf1 c5
16. dxc5 Nxc5 17. Nfd4 Nc6 18. Nxc6 bxc6 19. Kg2 Be7 20. d4 Nd7 21. Be3 Rb8 22.
b3 c5 23. Rc1 axb3 24. axb3 O-O 25. dxc5 Rfc8 26. Bd4 Bxc5 27. Ra1 Qb6 28. Re3
Bxd4 29. Nxd4 Nc5 30. f3 Na6 31. Kh3 Nb4 32. Ra4 Nc2 33. Rd3 Nxd4 34. Raxd4 Qc7
35. f4 Qc1 36. Qxc1 Rxc1 37. Ra4 Rb1 38. Ra3 Rc8 1/2-1/2

[Event "Hungarian League 2011/2012"]
[Site "Paks"]
[Date "2012.01.29"]
[Round "5"]
[White "Berkes, Ferenc"]
[Black "Balogh, Csaba"]
[Result "1/2-1/2"]
[WhiteElo "2706"]
[BlackElo "2662"]
[PlyCount "45"]
[EventDate "2011.09.25"]
[EventRounds "11"]
[EventCountry "HUN"]
[Source "MOST"]
[SourceDate "2012.01.29"]
[WhiteTeam "Paks"]
[BlackTeam "Aquaprofit"]
[WhiteTeamCountry "HUN"]
[BlackTeamCountry "HUN"]

1. g3 e5 2. Bg2 Nf6 3. d3 Bc5 4. Nf3 d6 5. O-O O-O 6. a3 a5 7. b3 Nc6 8. Bb2
Re8 9. Nbd2 Ba7 10. e4 Be6 11. c3 d5 12. Qc2 d4 13. c4 Nd7 14. Kh1 Bc5 15. Ng1
Bf8 16. f4 f6 17. Bh3 Bf7 18. Ngf3 Nc5 19. Rf2 Rb8 20. Raf1 Bd6 21. fxe5 Bxe5
22. Bc1 Kh8 23. Nh4 1/2-1/2

[Event "Hungarian League 2011/2012"]
[Site "Budapest"]
[Date "2012.02.19"]
[Round "6"]
[White "Berkes, Ferenc"]
[Black "Kosic, Dragan"]
[Result "0-1"]
[WhiteElo "2706"]
[BlackElo "2495"]
[PlyCount "96"]
[EventDate "2011.09.25"]
[EventRounds "11"]
[EventCountry "HUN"]
[Source "MOST"]
[SourceDate "2012.02.19"]
[WhiteTeam "Paks"]
[BlackTeam "MLTC"]
[WhiteTeamCountry "HUN"]
[BlackTeamCountry "HUN"]

1. d4 Nf6 2. c4 e6 3. Nc3 Bb4 4. Bg5 h6 5. Bh4 c5 6. d5 Bxc3+ 7. bxc3 d6 8. e3
Qe7 9. Nf3 Nbd7 10. Nd2 O-O 11. Be2 Nb6 12. e4 exd5 13. cxd5 g5 14. Bg3 Nxe4
15. Nxe4 Qxe4 16. O-O Qxd5 17. Qc1 Qe4 18. Re1 Qg6 19. Qd1 Rd8 20. a4 Be6 21.
Bf3 Rab8 22. h4 Nc4 23. Be4 Qg7 24. hxg5 Qxg5 25. Ra2 Kh8 26. Bb1 Rg8 27. Rae2
Rg7 28. Be4 b6 29. Bf3 Rbg8 30. Re4 Nd2 31. Rh4 Nxf3+ 32. Qxf3 Rg6 33. c4 {=}
Kh7 34. Kh2 R8g7 35. Ree4 Rf6 36. Qe2 Rfg6 37. Rh5 Qf6 38. Qe3 Rg5 39. Rhh4 Qg6
40. Qf4 d5 41. cxd5 Rxd5 42. Qf3 Rg5 43. Ref4 Bd5 44. Qe3 Qe6 45. Qd3+ R7g6 46.
a5 bxa5 47. Qc3 Rxg3 48. fxg3 Qe2 0-1

[Event "Hungarian League 2011/2012"]
[Site "Paks"]
[Date "2012.03.11"]
[Round "7"]
[White "Horvath, Csaba"]
[Black "Berkes, Ferenc"]
[Result "0-1"]
[WhiteElo "2517"]
[BlackElo "2706"]
[PlyCount "118"]
[EventDate "2011.09.25"]
[EventRounds "11"]
[EventCountry "HUN"]
[Source "MOST"]
[SourceDate "2012.03.11"]
[WhiteTeam "Pénzügyõr"]
[BlackTeam "Paks"]
[WhiteTeamCountry "HUN"]
[BlackTeamCountry "HUN"]

1. d4 Nf6 2. c4 g6 3. Nc3 d5 4. Nf3 Bg7 5. Qb3 dxc4 6. Qxc4 O-O 7. e4 a6 8. e5
b5 9. Qb3 Nfd7 10. e6 fxe6 11. Be3 Nf6 12. a4 b4 13. Qxb4 Qd6 14. Qa3 Nc6 15.
Bc4 Rb8 16. O-O Na5 17. Ba2 Nc6 18. Bc4 Nb4 19. Qb3 Bd7 20. Qd1 Bc6 21. Ne5 Ba8
22. Qe2 c5 23. Rad1 Nh5 24. Qg4 Nd5 25. Bxd5 Bxd5 26. Nxd5 Qxd5 27. Qe2 cxd4
28. Bxd4 Nf4 29. Qf3 Rbd8 30. Rfe1 Bxe5 31. Qxd5 Rxd5 32. Bxe5 Nd3 33. Re3 Nxf2
34. Rf1 Ng4 35. Rxf8+ Kxf8 36. Rf3+ Ke8 37. Bg3 e5 38. h3 e4 39. Rf1 Rd3 40.
hxg4 Rxg3 41. Rf4 Re3 42. Kf2 Rb3 43. Rxe4 Rxb2+ 44. Kf3 Rb3+ 45. Kf2 Ra3 46.
g5 a5 47. Rh4 Kf8 48. Rf4+ Ke8 49. Rh4 Rd3 50. Rxh7 Rd5 51. g4 Rd4 52. Kg3 Kf8
53. Rh8+ Kg7 54. Ra8 Rxa4 55. Ra7 Kf7 56. Ra6 Ra1 57. Kg2 a4 58. Kh2 a3 59. Kg2
a2 0-1

[Event "Hungarian League 2011/2012"]
[Site "Budapest"]
[Date "2012.03.25"]
[Round "8"]
[White "Shirov, Alexei"]
[Black "Horvath, Csaba"]
[Result "1-0"]
[WhiteElo "2713"]
[BlackElo "2517"]
[PlyCount "43"]
[EventDate "2011.09.25"]
[EventRounds "11"]
[EventCountry "HUN"]
[Source "MOST"]
[SourceDate "2012.04.16"]
[WhiteTeam "Aquaprofit"]
[BlackTeam "Pénzügyõr"]
[WhiteTeamCountry "HUN"]
[BlackTeamCountry "HUN"]

1. e4 c5 2. Nf3 e6 3. d4 cxd4 4. Nxd4 Nc6 5. Nc3 Qc7 6. Be3 Nf6 7. f4 Qb6 8. e5
Ng4 9. Bg1 Bc5 10. Qxg4 Qxb2 11. Ndb5 Qxa1+ 12. Kd2 Bxg1 13. Qxg7 Bf2 14. Qxh8+
Ke7 15. Qf6+ Kf8 16. Nd1 Bc5 17. Bd3 Qxa2 18. Ndc3 Qa5 19. Nd6 Bxd6 20. exd6
Kg8 21. Qh6 f5 22. Re1 1-0

[Event "Hungarian League 2011/2012"]
[Site "Paks"]
[Date "2012.04.22"]
[Round "9"]
[White "Berkes, Ferenc"]
[Black "Ruck, Robert"]
[Result "1-0"]
[WhiteElo "2706"]
[BlackElo "2579"]
[PlyCount "183"]
[EventDate "2011.09.25"]
[EventRounds "11"]
[EventCountry "HUN"]
[Source "MOST"]
[SourceDate "2012.04.22"]
[WhiteTeam "Paks"]
[BlackTeam "Haladás"]
[WhiteTeamCountry "HUN"]
[BlackTeamCountry "HUN"]

1. c4 e5 2. g3 Nf6 3. Bg2 d5 4. cxd5 Nxd5 5. Nc3 Nb6 6. e3 Be7 7. Nge2 O-O 8.
O-O Nc6 9. f4 f6 10. f5 Bd7 11. d4 Bd6 12. g4 Qe7 13. Ne4 Nd8 14. Nxd6 cxd6 15.
a4 Bc6 16. d5 Be8 17. e4 Rc8 18. h4 Qc7 19. b3 Qc2 20. Be3 Qxd1 21. Rfxd1 Rc2
22. Rd2 Rxd2 23. Bxd2 Na8 24. g5 Kf7 25. Rc1 Bd7 26. h5 fxg5 27. Bxg5 h6 28.
Bh4 b6 29. Bf1 Nb7 30. Nc3 Nc5 31. Bc4 Nc7 32. Kf2 a5 33. Ke3 Rb8 34. Ra1 Rb7
35. Bd8 Ne8 36. Rg1 Rb8 37. Bh4 Rc8 38. Rc1 Nf6 39. Bxf6 gxf6 40. Bb5 Rg8 41.
Bxd7 Rg3+ 42. Ke2 Nxb3 43. Kf2 Rh3 44. Kg2 Rd3 45. Rc2 Nd4 46. Rb2 Rxc3 47.
Rxb6 Rc2+ 48. Kg3 Rc3+ 49. Kf2 Rc2+ 50. Ke3 Rc3+ 51. Kd2 Rh3 52. Be6+ Ke7 53.
Rb7+ Ke8 54. Ra7 Ra3 55. Rh7 Ra2+ 56. Kc3 Ra3+ 57. Kb2 Rb3+ 58. Kc1 Rh3 59.
Rxh6 Rh2 60. Rh8+ Ke7 61. Rh7+ Ke8 62. h6 Nf3 63. Bf7+ Kd8 64. Rh8+ Kc7 65. h7
Ng5 66. Bg6 Rh4 67. Kc2 Kb7 68. Kb3 Rh3+ 69. Kc2 Rh4 70. Rf8 Nxh7 71. Rf7+ Kb6
72. Rxh7 Rxe4 73. Rf7 Kc5 74. Rxf6 Kxd5 75. Rf8 Rg4 76. Rc8 Rg2+ 77. Kb3 Rf2
78. Rc2 Rf3+ 79. Rc3 Rf2 80. Bf7+ Ke4 81. Be6 d5 82. Rc5 Rf3+ 83. Kc2 Rf2+ 84.
Kc1 d4 85. Rxa5 d3 86. Rd5 Ke3 87. Rxe5+ Kd4 88. Rd5+ Ke3 89. Rd8 Rf1+ 90. Kb2
d2 91. Bb3 Rxf5 92. Kc3 1-0

[Event "Asian Nations Chess Cup"]
[Site "ZaoZhuang, China"]
[Date "2012.05.20"]
[Round "4"]
[White "Zhou, Weiqi"]
[Black "Wang, Hao"]
[Result "0-1"]
[WhiteElo "2624"]
[BlackElo "2738"]
[PlyCount "58"]
[EventDate "2012.05.17"]
[EventType "team"]
[EventRounds "9"]
[EventCountry "CHN"]
[WhiteTeam "China 2"]
[BlackTeam "China 1"]

1. Nf3 Nf6 2. c4 g6 3. Nc3 Bg7 4. e4 d6 5. d4 O-O 6. Be2 e5 7. O-O Na6 8. Re1
c6 9. Bf1 exd4 10. Nxd4 Ng4 11. h3 Qb6 12. hxg4 Qxd4 13. g5 Qe5 14. Be3 Nc5 15.
f3 f6 16. gxf6 Bxf6 17. Qd2 Bh4 18. Bf2 Bxf2+ 19. Qxf2 g5 20. Re3 g4 21. Qh4
Be6 22. fxg4 Rf4 23. Be2 Raf8 24. Rd1 Bf7 25. b3 Bg6 26. Bf3 h5 27. Qg3 Qg5 28.
Rxd6 R4f6 29. Be2 h4 0-1

[Event "Asian Nations Chess Cup"]
[Site "ZaoZhuang, China"]
[Date "2012.05.20"]
[Round "4"]
[White "Zhao, Jun"]
[Black "Li, Chao b"]
[Result "1/2-1/2"]
[WhiteElo "2577"]
[BlackElo "2703"]
[PlyCount "129"]
[EventDate "2012.05.17"]
[EventType "team"]
[EventRounds "9"]
[EventCountry "CHN"]
[WhiteTeam "China 2"]
[BlackTeam "China 1"]

1. e4 e5 2. Nf3 Nf6 3. Nc3 Bb4 4. Nxe5 O-O 5. Nd3 Bxc3 6. dxc3 Nxe4 7. Be2 d5
8. O-O Nd7 9. f3 Nd6 10. Be3 Re8 11. Bf2 Nf8 12. Re1 Bf5 13. Bf1 Ne6 14. Qd2
Nc4 15. Qe2 c6 16. b3 Na3 17. Qd2 Qf6 18. Bg3 Rad8 19. Qc1 Qe7 20. Qb2 a5 21.
Re5 Bxd3 22. cxd3 b5 23. Rae1 b4 24. c4 Qd7 25. Qe2 a4 26. Bf2 axb3 27. axb3
Rf8 28. Qb2 dxc4 29. dxc4 h6 30. Rxe6 fxe6 31. Bc5 Rb8 32. Qe5 Rfe8 33. Qe4
Rbd8 34. Bxb4 Rb8 35. Bxa3 Qa7+ 36. Kh1 Qxa3 37. Bd3 Qxb3 38. h3 Qc3 39. Kh2
Kf8 40. Qf4+ Kg8 41. Qe4 c5 42. Qh7+ Kf8 43. Re4 Qf6 44. Rg4 Red8 45. Bg6 Rb2
46. h4 Rbd2 47. Bh5 g5 48. hxg5 hxg5 49. Qc7 Qf5 50. Rxg5 Rxg2+ 51. Rxg2 Qxh5+
52. Kg3 Rd4 53. Rb2 Qg5+ 54. Kf2 Rd2+ 55. Rxd2 Qxd2+ 56. Kg3 Qe1+ 57. Kg4 Qg1+
58. Qg3 Qd4+ 59. Qf4+ Ke7 60. Kg3 Qg1+ 61. Kh4 Kd7 62. Qf7+ Kd6 63. Qf4+ Kc6
64. Qe4+ Kd7 65. Qb7+ 1/2-1/2

[Event "Asian Nations Chess Cup"]
[Site "ZaoZhuang, China"]
[Date "2012.05.20"]
[Round "4"]
[White "Sasikiran, Krishnan"]
[Black "Ghaem Maghami, Ehsan"]
[Result "1-0"]
[WhiteElo "2720"]
[BlackElo "2578"]
[PlyCount "81"]
[EventDate "2012.05.17"]
[EventType "team"]
[EventRounds "9"]
[EventCountry "CHN"]
[WhiteTeam "India"]
[BlackTeam "Iran"]

1. d4 Nf6 2. c4 e6 3. g3 Bb4+ 4. Bd2 Bxd2+ 5. Qxd2 d5 6. Bg2 c6 7. Nf3 Nbd7 8.
O-O O-O 9. Rc1 Re8 10. Qf4 b6 11. Nc3 Bb7 12. cxd5 exd5 13. Rc2 Nf8 14. Rd1 Qe7
15. a3 Rad8 16. Qc1 Ne6 17. b4 Ne4 18. e3 Nd6 19. Nb1 Nc4 20. Nbd2 b5 21. Nb3
f6 22. Ra2 Bc8 23. Qc3 Nc7 24. Na5 Qd6 25. a4 a6 26. axb5 cxb5 27. Nd2 Kh8 28.
Nab3 Re7 29. Nc5 Rde8 30. Re1 g5 31. Raa1 Kg7 32. e4 h6 33. e5 fxe5 34. Nxc4
bxc4 35. dxe5 Qg6 36. Rad1 Bg4 37. Rxd5 Nxd5 38. Bxd5 Qf5 39. f3 Bh3 40. g4 Qg6
41. e6+ 1-0

[Event "Asian Nations Chess Cup"]
[Site "ZaoZhuang, China"]
[Date "2012.05.20"]
[Round "4"]
[White "Gundavaa, Bayarsaikhan"]
[Black "Le, Quang Liem"]
[Result "1/2-1/2"]
[WhiteElo "2516"]
[BlackElo "2703"]
[PlyCount "81"]
[EventDate "2012.05.17"]
[EventType "team"]
[EventRounds "9"]
[EventCountry "CHN"]
[WhiteTeam "Mongolia"]
[BlackTeam "Vietnam"]

1. d4 Nf6 2. c4 g6 3. Nc3 d5 4. Bf4 Bg7 5. e3 c5 6. dxc5 Qa5 7. Rc1 dxc4 8.
Bxc4 O-O 9. Nf3 Qxc5 10. Bb3 Nc6 11. O-O Qa5 12. h3 Bf5 13. Qe2 Ne4 14. g4 Nxc3
15. bxc3 Bd7 16. Rfd1 Rad8 17. Rd5 Qa3 18. Rcd1 Be6 19. Rxd8 Nxd8 20. Qb5 Bxb3
21. axb3 Bxc3 22. Bh6 Bg7 23. Bxg7 Kxg7 24. Rd7 Ne6 25. Rxb7 Rc8 26. Kg2 Rd8
27. Qa4 Qxa4 28. bxa4 a6 29. Rxe7 Rd5 30. Ra7 Ra5 31. Kg3 Kf6 32. h4 h6 33. Rb7
Rxa4 34. g5+ hxg5 35. hxg5+ Nxg5 36. Nxg5 Kxg5 37. Rxf7 Rg4+ 38. Kh3 Re4 39.
Kg3 Rg4+ 40. Kh3 Re4 41. Kg3 1/2-1/2

[Event "Asian Nations Chess Cup"]
[Site "ZaoZhuang, China"]
[Date "2012.05.22"]
[Round "5"]
[White "Sasikiran, Krishnan"]
[Black "Kazhgaleyev, Murtas"]
[Result "1/2-1/2"]
[WhiteElo "2720"]
[BlackElo "2595"]
[PlyCount "146"]
[EventDate "2012.05.17"]
[EventType "team"]
[EventRounds "9"]
[EventCountry "CHN"]
[WhiteTeam "India"]
[BlackTeam "Kazakhstan"]

1. d4 d5 2. c4 c6 3. Nf3 Nf6 4. Nc3 a6 5. c5 Bf5 6. Bf4 Nbd7 7. e3 Nh5 8. Be5
f6 9. Bg3 e5 10. Be2 Nxg3 11. hxg3 Bg6 12. b4 e4 13. Nd2 Be7 14. a4 O-O 15. b5
f5 16. bxc6 bxc6 17. a5 Bf7 18. Na4 g5 19. Nb6 Ra7 20. Qa4 Nb8 21. O-O-O Bg6
22. Rdf1 Bf6 23. Bh5 Qe8 24. Qd1 Bg7 25. Rh2 Nd7 26. Nb3 Nf6 27. Be2 Qb8 28.
Rhh1 f4 29. gxf4 gxf4 30. Na1 h5 31. Nc2 Bh6 32. Kb2 Rg7 33. Ka3 Be8 34. Rhg1
Ng4 35. Ka4 Qd8 36. Bxg4 Rxg4 37. Qe2 Qg5 38. g3 fxg3 39. fxg3 Rxg3 40. Rxg3
Qxg3 41. Qxa6 Qg2 42. Rxf8+ Bxf8 43. Nb4 h4 44. Qc8 h3 45. Qxe8 h2 46. Nd7 h1=Q
47. Qxf8+ Kh7 48. Qf5+ Kh6 49. Qf6+ Kh5 50. Qh8+ Kg5 51. Qg7+ Kh5 52. Qh7+ Kg4
53. Ne5+ Kg3 54. Qxh1 Qxh1 55. Nexc6 Qh7 56. Ne5 Kf2 57. Nxd5 Qg8 58. Nb6 Kxe3
59. c6 Kxd4 60. c7 Kxe5 61. a6 Qe8+ 62. Ka5 e3 63. c8=Q Qxc8 64. Nxc8 e2 65. a7
e1=Q+ 66. Ka6 Qf1+ 67. Kb7 Qf3+ 68. Kb8 Qb3+ 69. Kc7 Qc4+ 70. Kb7 Qd5+ 71. Kb8
Qb5+ 72. Kc7 Qa6 73. Kb8 Qb5+ 1/2-1/2

[Event "Asian Nations Chess Cup"]
[Site "ZaoZhuang, China"]
[Date "2012.05.22"]
[Round "5"]
[White "Wang, Hao"]
[Black "Le, Quang Liem"]
[Result "1/2-1/2"]
[WhiteElo "2738"]
[BlackElo "2703"]
[PlyCount "133"]
[EventDate "2012.05.17"]
[EventType "team"]
[EventRounds "9"]
[EventCountry "CHN"]
[WhiteTeam "China 1"]
[BlackTeam "Vietnam"]

1. e4 e6 2. d4 d5 3. Nd2 c5 4. exd5 Qxd5 5. dxc5 Bxc5 6. Ngf3 Nf6 7. Bc4 Qc6 8.
O-O O-O 9. Qe2 Nbd7 10. Nb3 b6 11. Nxc5 Qxc5 12. b3 Bb7 13. Bb2 Rac8 14. Rfe1
Rfd8 15. a4 h6 16. h3 Qf5 17. Bd3 Bxf3 18. Qxf3 Qxf3 19. gxf3 a5 20. Rad1 Nc5
21. Bb5 Nd5 22. Rd2 Nf4 23. Rxd8+ Rxd8 24. Be5 g5 25. h4 Rd2 26. hxg5 hxg5 27.
Rc1 Kh7 28. Kf1 Nh3 29. Ke1 Rxf2 30. Be2 Nd7 31. Bc7 f6 32. Rd1 Ne5 33. Bxe5
fxe5 34. Rd6 Kg7 35. Rxb6 Rh2 36. Rb7+ Kg8 37. Rb5 Kf7 38. Rxe5 Nf4 39. Bd3
Rh1+ 40. Kd2 Rh2+ 41. Ke1 Rh1+ 42. Kf2 Rh2+ 43. Ke3 Nd5+ 44. Kd4 Kf6 45. Re2
Rh8 46. Be4 Nf4 47. Re1 Rc8 48. c4 Rd8+ 49. Kc3 Rc8 50. Kd4 Rd8+ 51. Kc5 Rb8
52. Bc2 e5 53. Kc6 Ne6 54. Bd1 Nd4+ 55. Kc7 Rb4 56. c5 Nxb3 57. c6 Nd4 58. Rh1
Ne6+ 59. Kc8 Rh4 60. Re1 Rh7 61. Kb8 Rc7 62. f4 Rxc6 63. Rxe5 Rc5 64. Rxc5 Nxc5
65. fxg5+ Kxg5 66. Kc7 Nxa4 67. Bxa4 1/2-1/2